[Event "4NCL Online Division 2"]
[Site "online"]
[Date "2020.10.06"]
[Round "4.133"]
[White "Merriman, James"]
[Black "Pollock, Richard M"]
[Result "0-1"]
[WhiteElo "2005"]
[BlackElo "1870"]
[PlyCount "112"]
[EventDate "2020.10.06"]
[WhiteTeam "Kent KJCA Kestrels B"]
[BlackTeam "Plymouth 1"]

1. d4 g6 2. c4 d6 3. Nc3 Bg7 4. e4 e5 5. d5 Nd7 6. Nge2 f5 7. exf5 gxf5 8. Ng3
Ndf6 9. Nh5 Nxh5 10. Qxh5+ Kf8 11. Qd1 Nf6 12. Be2 Qe8 13. f4 e4 14. Be3 Bd7
15. Qd2 a6 16. a4 b6 17. h4 h5 18. Bd4 Rb8 19. Qe3 Rg8 20. g3 Ke7 21. Rg1 Bh8
22. a5 bxa5 23. Nd1 a4 24. Ra3 Rb7 25. Nf2 Kd8 26. Nh3 Rb4 27. Ng5 Ke7 28. Qc3
a5 29. Kd2 Nxd5 30. Bxh8 Nxc3 31. Bxc3 Rb3 32. Raa1 Qg6 33. Rge1 Rgb8 34. Kc2
Rxc3+ 35. bxc3 Rb3 36. Bd1 Qf6 37. Re3 d5 38. cxd5 Qb6 39. Re1 Rb2+ 40. Kc1 Qf2
41. Nf3 Kd8 42. Rf1 Qg2 43. Rg1 exf3 44. Rxg2 fxg2 45. Kxb2 g1=Q 46. Bxa4 Qb6+
47. Kc2 Bxa4+ 48. Rxa4 Qf2+ 49. Kb3 Qxg3 50. Rxa5 Qxf4 51. Ra8+ Kd7 52. Rf8 Qe5
53. c4 f4 54. Rf7+ Ke8 55. Rh7 f3 56. Rh6 Qe3+ 0-1

[Event "4NCL Online Division 2"]
[Site "online"]
[Date "2020.10.06"]
[Round "4.134"]
[White "Brooks, Paul"]
[Black "Verma, Shlok"]
[Result "0-1"]
[WhiteElo "1862"]
[BlackElo "1945"]
[PlyCount "72"]
[EventDate "2020.10.06"]
[WhiteTeam "Plymouth 1"]
[BlackTeam "Kent KJCA Kestrels B"]

1. d4 d5 2. c4 dxc4 3. Nf3 Nf6 4. e3 e6 5. Bxc4 a6 6. O-O b5 7. Bd3 Bb7 8. a4
b4 9. Qe2 Be7 10. Nbd2 Nbd7 11. Nc4 O-O 12. Bd2 c5 13. Rfc1 cxd4 14. exd4 Nb6
15. Nxb6 Qxb6 16. a5 Qd8 17. Bf4 Bxf3 18. Qxf3 Qxd4 19. b3 e5 20. Bg5 h6 21.
Bxf6 Bxf6 22. Qe4 Qxe4 23. Bxe4 Rad8 24. Rc6 Rd4 25. f3 Bg5 26. Rxa6 Be3+ 27.
Kf1 Rd2 28. Rb1 f5 29. Bb7 Rf2+ 30. Ke1 Rxg2 31. Rd1 Rxh2 32. Rd7 Rg2 33. Bd5+
Kh7 34. Rc6 Ra8 35. a6 h5 36. Rcc7 Rxa6 0-1

[Event "4NCL Online Division 2"]
[Site "online"]
[Date "2020.10.06"]
[Round "4.141"]
[White "Adams, Mark"]
[Black "Higgie, Charles L"]
[Result "1-0"]
[WhiteElo "1944"]
[BlackElo "1922"]
[PlyCount "45"]
[EventDate "2020.10.06"]
[WhiteTeam "The Full Ponty"]
[BlackTeam "Malpas & Oswestry"]

1. e4 c5 2. Nf3 d6 3. d4 cxd4 4. Nxd4 Nf6 5. Nc3 Nc6 6. Bg5 e6 7. Qd2 a6 8.
O-O-O Bd7 9. f4 b5 10. Bxf6 gxf6 11. Kb1 Qb6 12. Nxc6 Bxc6 13. Bd3 b4 14. Ne2
h5 15. Rhe1 a5 16. Nc1 a4 17. Bc4 Qc5 18. b3 Rb8 19. f5 Kd7 20. fxe6+ fxe6 21.
Nd3 Qa5 22. Nf4 Re8 23. Ng6 1-0

[Event "4NCL Online Division 2"]
[Site "online"]
[Date "2020.10.06"]
[Round "4.142"]
[White "Lovatt, Peter G"]
[Black "Jones, Ian Robert"]
[Result "0-1"]
[WhiteElo "1877"]
[BlackElo "1944"]
[PlyCount "98"]
[EventDate "2020.10.06"]
[WhiteTeam "Malpas & Oswestry"]
[BlackTeam "The Full Ponty"]

1. e4 e5 2. Nc3 Nf6 3. f4 d5 4. fxe5 Nxe4 5. Nf3 Be7 6. Qe2 Nxc3 7. dxc3 c5 8.
Bf4 Nc6 9. O-O-O Be6 10. Kb1 Qa5 11. h4 d4 12. c4 b5 13. Nd2 Rb8 14. Nb3 Qa4
15. cxb5 Nb4 16. a3 Nxc2 17. Qxc2 Bxb3 18. Qe4 Bxd1 19. Qc6+ Kf8 20. e6 Qc2+
21. Ka1 Rd8 22. Bc7 Qc1+ 23. Ka2 Bc2 24. Bd3 Qxh1 25. Bxc2 Qxh4 26. Bxd8 Bxd8
27. exf7 Qe7 28. Bb3 h5 29. a4 Rh6 30. Qf3 a6 31. bxa6 Rxa6 32. Qxh5 Rh6 33.
Qf3 Qd6 34. Qe4 Qd7 35. Qa8 d3 36. g3 d2 37. Bd1 Qxf7+ 38. b3 Qd7 39. Qf3+ Rf6
40. Qh5 Rf5 41. Qh8+ Kf7 42. Qh3 c4 43. bxc4 Qd3 44. c5 Qd5+ 45. Kb1 Qb7+ 46.
Ka2 Qd5+ 47. Kb1 Qd3+ 48. Ka2 Rxc5 49. Bh5+ Kf8 0-1

[Event "4NCL Online Division 2"]
[Site "online"]
[Date "2020.10.06"]
[Round "4.143"]
[White "Fletcher, John"]
[Black "Bailey, Adrian"]
[Result "1/2-1/2"]
[WhiteElo "1994"]
[BlackElo "1787"]
[PlyCount "83"]
[EventDate "2020.10.06"]
[WhiteTeam "The Full Ponty"]
[BlackTeam "Malpas & Oswestry"]

1. d4 Nf6 2. Nc3 d5 3. Bf4 Bf5 4. e3 c6 5. Nge2 e6 6. Ng3 Bg6 7. Bd3 Bd6 8. O-O
Qc7 9. Bxd6 Qxd6 10. f4 Bxd3 11. Qxd3 Nbd7 12. e4 dxe4 13. Ncxe4 Nxe4 14. Nxe4
Qe7 15. f5 O-O 16. f6 Nxf6 17. Nxf6+ gxf6 18. Qg3+ Kh8 19. Qh4 Rae8 20. Rae1 f5
21. Qxe7 Rxe7 22. Rxf5 Rfe8 23. Rfe5 Rd8 24. c3 Rd5 25. Kf2 Red7 26. Kf3 Kg7
27. Kf4 Kg6 28. g4 h6 29. h4 c5 30. Rxd5 Rxd5 31. Re5 cxd4 32. Rxd5 exd5 33.
cxd4 f6 34. h5+ Kg7 35. b3 a5 36. a3 b5 37. b4 a4 38. Ke3 Kg8 39. Kf4 Kg7 40.
Ke3 Kg8 41. Kf4 Kg7 42. Ke3 1/2-1/2

[Event "4NCL Online Division 2"]
[Site "online"]
[Date "2020.10.06"]
[Round "4.144"]
[White "Penny, Liam"]
[Black "Goldrick, Thomas G"]
[Result "1-0"]
[WhiteElo "1765"]
[BlackElo "1879"]
[PlyCount "103"]
[EventDate "2020.10.06"]
[WhiteTeam "Malpas & Oswestry"]
[BlackTeam "The Full Ponty"]

1. d4 d5 2. Nf3 Nf6 3. e3 Bf5 4. Bd3 Bg6 5. Bxg6 hxg6 6. Ne5 Nbd7 7. Nc3 e6 8.
Qf3 Bd6 9. Nxd7 Qxd7 10. h3 c6 11. e4 dxe4 12. Nxe4 Nxe4 13. Qxe4 O-O-O 14. Be3
f5 15. Qd3 Bb4+ 16. c3 Be7 17. O-O-O e5 18. Qe2 Qe6 19. dxe5 Qxa2 20. f4 Ba3
21. Qc2 Qa1+ 22. Qb1 Bxb2+ 23. Kc2 Qxb1+ 24. Rxb1 Ba3 25. Ra1 Be7 26. Rxa7 Kc7
27. Rb1 Rb8 28. Bb6+ Kc8 29. Rd1 Bd8 30. Bd4 Re8 31. Bc5 Bc7 32. Bd6 Re6 33.
Bf8 g5 34. g3 gxf4 35. gxf4 Rg6 36. Rd3 Rg2+ 37. Kb3 Rg6 38. Ra2 b6 39. Rad2
Kb7 40. Bd6 Bxd6 41. Rxd6 Rxd6 42. Rxd6 Kc7 43. Rg6 Rg8 44. h4 Kb7 45. h5 Rh8
46. Rg5 Rf8 47. Rxg7+ Ka6 48. h6 Rh8 49. h7 Kb5 50. e6 Kc5 51. e7 Kd6 52. Rg8
1-0

[Event "4NCL Online Division 2"]
[Site "online"]
[Date "2020.10.06"]
[Round "4.151"]
[White "Walkusz, Miroslaw"]
[Black "Gajcin, Jasmina"]
[Result "1-0"]
[WhiteElo "1939"]
[BlackElo "1911"]
[PlyCount "37"]
[EventDate "2020.10.06"]
[WhiteTeam "Harrow 2"]
[BlackTeam "Gonzaga Cing is Believing"]

1. d4 Nf6 2. c4 g6 3. Nc3 d5 4. Bg5 Bg7 5. Bxf6 Bxf6 6. cxd5 c5 7. dxc5 O-O 8.
e4 Qa5 9. Rc1 Nd7 10. Nf3 Nxc5 11. e5 Bg7 12. Bc4 Bg4 13. Qd4 Bxf3 14. gxf3 Nd7
15. f4 f6 16. d6+ Kh8 17. dxe7 Rfc8 18. Qxd7 fxe5 19. Bf7 1-0

[Event "4NCL Online Division 2"]
[Site "online"]
[Date "2020.10.06"]
[Round "4.152"]
[White "Moran, Darragh"]
[Black "Patel, Rishi"]
[Result "1/2-1/2"]
[WhiteElo "1873"]
[BlackElo "1891"]
[PlyCount "68"]
[EventDate "2020.10.06"]
[WhiteTeam "Gonzaga Cing is Believing"]
[BlackTeam "Harrow 2"]

1. d4 Nf6 2. c4 e6 3. Nf3 d5 4. Nc3 Be7 5. Bg5 O-O 6. e3 b6 7. Rc1 Bb7 8. Qc2
c5 9. cxd5 exd5 10. Be2 Nc6 11. O-O Rc8 12. Rfd1 cxd4 13. Nxd4 Nxd4 14. Rxd4
Ne4 15. Bxe7 Qxe7 16. Bf3 Nxc3 17. bxc3 Rc5 18. Qb3 Qe5 19. Qd1 Rfc8 20. g3 g6
21. Rc2 Rxc3 22. Rxc3 Rxc3 23. Bxd5 Bxd5 24. Rxd5 Qc7 25. Rd8+ Kg7 26. Qd4+ Kh6
27. Rd7 Rc1+ 28. Kg2 Qc6+ 29. e4 Rc4 30. Qe3+ Kg7 31. Rxa7 Qxe4+ 32. Qxe4 Rxe4
33. Rb7 Ra4 34. Rxb6 Rxa2 1/2-1/2

[Event "4NCL Online Division 2"]
[Site "online"]
[Date "2020.10.06"]
[Round "4.153"]
[White "Dhemrait, Jagdeep"]
[Black "Veisseire, Arthur"]
[Result "1-0"]
[WhiteElo "1810"]
[BlackElo "1907"]
[PlyCount "79"]
[EventDate "2020.10.06"]
[WhiteTeam "Harrow 2"]
[BlackTeam "Gonzaga Cing is Believing"]

1. e4 d5 2. exd5 Qxd5 3. Nc3 Qa5 4. Nf3 Nf6 5. h3 Bf5 6. Bc4 e6 7. O-O Be7 8.
d4 c6 9. Bf4 Nbd7 10. Re1 O-O 11. Ne2 Rfd8 12. Ng3 Bg6 13. Qe2 Nd5 14. Bxd5
cxd5 15. c3 b5 16. a3 Rac8 17. h4 h6 18. h5 Bh7 19. Qd2 Bf8 20. Nh2 Nf6 21. Qe2
Qb6 22. Ng4 Nxg4 23. Qxg4 Kh8 24. Re3 a5 25. Ne2 Rd7 26. Qh3 Rb7 27. g4 b4 28.
axb4 axb4 29. Kh2 b3 30. g5 hxg5 31. Bxg5 f6 32. Rxe6 Qd8 33. Bd2 Ra8 34. Rg1
Ra2 35. Bc1 Ba3 36. Nf4 Bxb2 37. Ng6+ Kg8 38. Qe3 Kf7 39. Re1 Bxc1 40. Nh8+ 1-0

[Event "4NCL Online Division 2"]
[Site "online"]
[Date "2020.10.06"]
[Round "4.154"]
[White "O'neill, Sam"]
[Black "Pradeep, Verma"]
[Result "0-1"]
[WhiteElo "1889"]
[BlackElo "1401"]
[PlyCount "114"]
[EventDate "2020.10.06"]
[WhiteTeam "Gonzaga Cing is Believing"]
[BlackTeam "Harrow 2"]

1. e4 g6 2. d4 d6 3. Be2 a6 4. c4 Bg7 5. Nc3 e5 6. Nf3 Nc6 7. Be3 f5 8. Bg5 Nf6
9. dxe5 dxe5 10. Qxd8+ Kxd8 11. exf5 gxf5 12. Nd5 Rf8 13. O-O-O Bd7 14. Rhe1
Kc8 15. Nxf6 Bxf6 16. Bxf6 Rxf6 17. Bf1 e4 18. Ng5 h6 19. Nh3 Be6 20. Nf4 Bf7
21. g3 b6 22. Bh3 Kb7 23. Nd5 Bxd5 24. Rxd5 Raf8 25. a3 Na5 26. Bf1 Rc6 27. Kb1
Nxc4 28. Rc1 Na5 29. Bxa6+ Ka7 30. Rxc6 Nxc6 31. Bb5 Kb7 32. Bxc6+ Kxc6 33. Rd4
Kc5 34. Rd7 c6 35. Rh7 Rf6 36. Kc2 f4 37. Re7 fxg3 38. fxg3 Rf2+ 39. Kc3 Kd5
40. Rd7+ Ke6 41. Rd2 e3 42. Rd3 Re2 43. Rd4 Ke5 44. Rh4 Rd2 45. Rxh6 Rd5 46.
Rh8 Ke4 47. Re8+ Kf3 48. h4 e2 49. Rf8+ Kxg3 50. Re8 Kf2 51. Rf8+ Ke1 52. Kc2
Rd2+ 53. Kc1 Rd4 54. Kc2 Rxh4 55. Kd3 Kd1 56. Re8 e1=Q 57. Rxe1+ Kxe1 0-1

[Event "4NCL Online Division 2"]
[Site "online"]
[Date "2020.10.06"]
[Round "4.161"]
[White "Evans, Harry G"]
[Black "Simmons, Matthew"]
[Result "1-0"]
[WhiteElo "1870"]
[BlackElo "2075"]
[PlyCount "127"]
[EventDate "2020.10.06"]
[WhiteTeam "CSC 3"]
[BlackTeam "Schach Attack"]

1. d4 Nf6 2. Bf4 e6 3. Nf3 c5 4. e3 Nc6 5. Nc3 cxd4 6. exd4 Bb4 7. Bd3 Bxc3+ 8.
bxc3 Qa5 9. Bd2 O-O 10. O-O h6 11. Re1 b6 12. Ne5 Bb7 13. Nc4 Qd5 14. Ne3 Qh5
15. Be2 Qa5 16. Nc4 Qd5 17. Bd3 Ne7 18. Ne3 Qc6 19. f3 Rac8 20. Qe2 Qc7 21. Qf2
Ned5 22. Nxd5 Nxd5 23. Qh4 Qd8 24. Qg3 Qf6 25. Re4 Nxc3 26. Rf4 Qe7 27. Rh4 f5
28. Bxh6 Nd5 29. Re1 Qf6 30. Bg5 Qg6 31. f4 Nb4 32. Be2 Rxc2 33. Bh5 Qh7 34.
Re2 Rc1+ 35. Kf2 g6 36. Bf3 Qg7 37. Bxb7 Qxd4+ 38. Qe3 Nd3+ 39. Kg3 Qxe3+ 40.
Rxe3 Nc5 41. Kf2 Nxb7 42. Reh3 Kf7 43. Rh7+ Ke8 44. Re7+ Kd8 45. Rhh7 Kc8 46.
Rxd7 Rc2+ 47. Ke3 Na5 48. Rxa7 Kb8 49. Rad7 Rfc8 50. Bf6 Nc4+ 51. Kd3 Rxa2 52.
Rb7+ Ka8 53. Be5 Rd2+ 54. Kc3 Na5+ 55. Kxd2 Nxb7 56. Rg7 Ka7 57. Rxg6 Nc5 58.
h4 Rd8+ 59. Kc2 Rd7 60. Rg7 Kb7 61. h5 Kc6 62. h6 Rd8 63. h7 Rh8 64. Rc7+ 1-0

[Event "4NCL Online Division 2"]
[Site "online"]
[Date "2020.10.06"]
[Round "4.162"]
[White "Moyse, Nigel John"]
[Black "Towers, Nigel S"]
[Result "1-0"]
[WhiteElo "2036"]
[BlackElo "1858"]
[PlyCount "191"]
[EventDate "2020.10.06"]
[WhiteTeam "Schach Attack"]
[BlackTeam "CSC 3"]

1. d4 Nf6 2. Nf3 e6 3. Bf4 c5 4. c3 b6 5. e3 Bb7 6. Be2 cxd4 7. cxd4 d6 8. Nc3
Be7 9. Qa4+ Bc6 10. Bb5 Qd7 11. Rc1 O-O 12. O-O a6 13. Bxc6 Nxc6 14. Bg5 b5 15.
Qd1 Rfc8 16. d5 Nxd5 17. Nxd5 exd5 18. Qxd5 Bxg5 19. Nxg5 Ne5 20. Ne4 Rd8 21.
Rfd1 Rac8 22. h3 Rxc1 23. Rxc1 h6 24. Rd1 Nc4 25. b3 Nb6 26. Qxd6 Qxd6 27. Rxd6
Rxd6 28. Nxd6 Nd5 29. a4 bxa4 30. bxa4 a5 31. Nc4 Nc3 32. Nxa5 Nxa4 33. Nc6 Kf8
34. h4 Ke8 35. g4 Kd7 36. Nd4 g6 37. Kg2 Kd6 38. h5 gxh5 39. gxh5 Ke5 40. Kg3
f5 41. Nc6+ Kf6 42. Kf4 Nc5 43. Nd4 Nd3+ 44. Kg3 Ne5 45. f3 Nd3 46. f4 Nc5 47.
Kf3 Ne4 48. Nc6 Nd2+ 49. Kg2 Nc4 50. Kf2 Nd6 51. Ne5 Ne4+ 52. Kf3 Ke6 53. Nc4
Nf6 54. Ne5 Nxh5 55. Nc6 Ng7 56. Nd4+ Kf6 57. Kg3 Ne8 58. Nc6 Nd6 59. Ne5 Ne8
60. Nd7+ Ke7 61. Ne5 Kf6 62. Nd7+ Ke7 63. Nb6 Ke6 64. Nc4 Nf6 65. Ne5 Nd5 66.
Nc4 Nf6 67. Ne5 Nd5 68. Kf2 Nf6 69. Kf3 Nd5 70. Nc6 Nf6 71. Nd4+ Kf7 72. Nxf5
Kg6 73. Nh4+ Kh5 74. Ng2 Kg6 75. e4 Ne8 76. e5 Kf5 77. Nh4+ Ke6 78. Ke4 Ng7 79.
f5+ Kf7 80. Ng6 Nh5 81. Nh4 Ng3+ 82. Kf3 Nh5 83. Ng2 Ng7 84. Kg4 Kf8 85. Ne3
Kf7 86. Nd5 Kf8 87. f6 Ne6 88. Kh5 Kf7 89. Kxh6 Nd4 90. Kg5 Ne6+ 91. Kf5 Nd4+
92. Ke4 Ne6 93. Nf4 Nc7 94. Kf5 Nb5 95. e6+ Ke8 96. f7+ 1-0

[Event "4NCL Online Division 2"]
[Site "online"]
[Date "2020.10.06"]
[Round "4.163"]
[White "Kumar, Soham"]
[Black "Handley, Michael R"]
[Result "0-1"]
[WhiteElo "1862"]
[BlackElo "2080"]
[PlyCount "115"]
[EventDate "2020.10.06"]
[WhiteTeam "CSC 3"]
[BlackTeam "Schach Attack"]

1. e4 e6 2. d4 d5 3. Nc3 Bb4 4. exd5 exd5 5. Bd3 Ne7 6. Nf3 Nbc6 7. O-O Bg4 8.
h3 Bh5 9. a3 Bxc3 10. bxc3 Bg6 11. Re1 O-O 12. Bf4 Bxd3 13. Qxd3 Ng6 14. Be3
Na5 15. Nd2 c6 16. c4 dxc4 17. Nxc4 Nxc4 18. Qxc4 Qd5 19. Qxd5 cxd5 20. Rab1 b6
21. Rec1 Rac8 22. Bd2 Rc4 23. c3 f6 24. Rb5 Ne7 25. Re1 Kf7 26. g4 Ra4 27. Rb3
Nc6 28. Kf1 Rd8 29. Ke2 Na5 30. Rb4 Rxa3 31. Kd3 Nc4 32. Bf4 Ra2 33. Rf1 a6 34.
h4 Re8 35. Rxc4 dxc4+ 36. Kxc4 Rc8+ 37. Kd3 Ra3 38. Bd2 b5 39. Rb1 Ke6 40. g5
fxg5 41. hxg5 Kf5 42. Kc2 Ra4 43. Be3 Rac4 44. Rb3 b4 45. Bd2 Rxc3+ 46. Bxc3
Rxc3+ 47. Rxc3 bxc3 48. Kxc3 Kxg5 49. Kc4 Kf6 50. Kc5 Ke7 51. Kc6 Kd8 52. d5 h5
53. f4 h4 54. f5 h3 55. f6 gxf6 56. d6 h2 57. d7 h1=Q+ 58. Kd6 0-1

[Event "4NCL Online Division 2"]
[Site "online"]
[Date "2020.10.06"]
[Round "4.164"]
[White "MacQueen, Stuart"]
[Black "Khoury, Theo"]
[Result "0-1"]
[WhiteElo "2095"]
[BlackElo "1832"]
[PlyCount "102"]
[EventDate "2020.10.06"]
[WhiteTeam "Schach Attack"]
[BlackTeam "CSC 3"]

1. d4 Nf6 2. c4 c5 3. d5 e6 4. Nc3 exd5 5. cxd5 d6 6. e4 g6 7. Bd3 Bg7 8. h3
O-O 9. Nf3 b5 10. O-O b4 11. Nb1 Re8 12. Re1 Ba6 13. Bxa6 Nxa6 14. Nbd2 Qd7 15.
Qc2 Nc7 16. Nc4 Nb5 17. Bf4 Nh5 18. Bh2 Qe7 19. Na5 Rac8 20. Nc6 Qb7 21. Nd2
Qa6 22. Nf3 Nf6 23. Qd3 Qb7 24. Nd2 Nd7 25. Nc4 Bf8 26. Rad1 a6 27. a4 bxa3 28.
bxa3 Qc7 29. Rc1 Nb6 30. Nxb6 Qxb6 31. a4 Na7 32. Rb1 Qc7 33. Qxa6 Nxc6 34.
dxc6 Qxc6 35. Rb6 Rxe4 36. Rxe4 Qxe4 37. Bxd6 Ra8 38. Qf1 Bxd6 39. Rxd6 Rxa4
40. Qd1 Rd4 41. Rd8+ Rxd8 42. Qxd8+ Kg7 43. Qa5 Qd4 44. Kf1 Qd1+ 45. Qe1 Qxe1+
46. Kxe1 Kf6 47. Kd2 Ke5 48. Kc3 Kd5 49. h4 h5 50. g3 f6 51. f3 f5 0-1

[Event "4NCL Online Division 2"]
[Site "online"]
[Date "2020.10.20"]
[Round "5.11"]
[White "Chopra, Tanmay"]
[Black "Friedgood, David"]
[Result "1-0"]
[WhiteElo "2273"]
[BlackElo "2188"]
[PlyCount "75"]
[EventDate "2020.10.20"]
[WhiteTeam "Harrow 1"]
[BlackTeam "MK Phoenix 1"]

1. d4 Nf6 2. c4 g6 3. Nc3 Bg7 4. e4 d6 5. Nf3 O-O 6. Be2 e5 7. O-O Nc6 8. d5
Ne7 9. b4 Nd7 10. Ba3 b6 11. Nd2 a5 12. bxa5 Rxa5 13. Bb4 Ra8 14. a4 c5 15.
dxc6 Nc5 16. c7 Qxc7 17. Nb3 Nc6 18. Bxc5 dxc5 19. Nd5 Qd8 20. Bg4 f5 21. Bf3
Ra7 22. Qb1 Be6 23. Rd1 Bxd5 24. cxd5 Nd4 25. Nxd4 exd4 26. exf5 Rxf5 27. Bg4
Rf8 28. Be6+ Kh8 29. Qb3 Qd6 30. g3 Rfa8 31. Rdb1 Ra6 32. Ra2 Bf6 33. h4 Qc7
34. Kg2 c4 35. Qf3 Kg7 36. h5 Rxa4 37. Rxa4 Rxa4 38. h6+ 1-0

[Event "4NCL Online Division 2"]
[Site "online"]
[Date "2020.10.20"]
[Round "5.12"]
[White "Tippleston, Charles E"]
[Black "Nettleton, Charlie B"]
[Result "0-1"]
[WhiteElo "2077"]
[BlackElo "2008"]
[PlyCount "70"]
[EventDate "2020.10.20"]
[WhiteTeam "MK Phoenix 1"]
[BlackTeam "Harrow 1"]

1. e4 c5 2. Nf3 d6 3. Bb5+ Nd7 4. a4 Ngf6 5. Nc3 g6 6. O-O Bg7 7. Re1 O-O 8. d4
cxd4 9. Nxd4 Nc5 10. f3 a6 11. Bf1 e5 12. Nde2 Be6 13. b4 Ncd7 14. Qxd6 Re8 15.
Rb1 Bf8 16. Qd3 Rc8 17. Be3 Qc7 18. Rec1 Red8 19. Nd5 Nxd5 20. exd5 Nf6 21. c4
Bf5 22. Qb3 Bxb1 23. Qxb1 a5 24. Bg5 axb4 25. Kh1 Be7 26. Bxf6 Bxf6 27. Qxb4
Bg5 28. f4 exf4 29. Nd4 f3 30. Rc2 fxg2+ 31. Bxg2 Qe5 32. c5 Rxd5 33. Bxd5
Qxd5+ 34. Rg2 Rxc5 35. Nb3 Rc2 0-1

[Event "4NCL Online Division 2"]
[Site "online"]
[Date "2020.10.20"]
[Round "5.13"]
[White "Chan, Nevil"]
[Black "Cox, Toby"]
[Result "0-1"]
[WhiteElo "2010"]
[BlackElo "2080"]
[PlyCount "78"]
[EventDate "2020.10.20"]
[WhiteTeam "Harrow 1"]
[BlackTeam "MK Phoenix 1"]

1. d4 e6 2. Nc3 Bb4 3. a3 Bxc3+ 4. bxc3 f5 5. Nf3 Nf6 6. Bg5 O-O 7. e3 b6 8.
Bd3 Bb7 9. O-O d6 10. Qe2 Nbd7 11. Nd2 Qe8 12. e4 Qg6 13. Bxf6 Nxf6 14. f3 fxe4
15. Nxe4 Nxe4 16. Bxe4 Bxe4 17. fxe4 Rxf1+ 18. Rxf1 Rf8 19. Rxf8+ Kxf8 20. g3
a5 21. Kg2 Ke7 22. Kg1 Qg5 23. Kg2 Kd7 24. Qf2 Qg6 25. Qe2 Kd8 26. c4 Qf6 27.
Qd3 Ke7 28. Kg1 e5 29. d5 Qg5 30. Kg2 h5 31. h4 Qc1 32. Kh2 g6 33. Kg2 Qe1 34.
Kh2 Qf2+ 35. Kh1 Kf6 36. a4 g5 37. hxg5+ Kxg5 38. c5 bxc5 39. c4 Kg4 0-1

[Event "4NCL Online Division 2"]
[Site "online"]
[Date "2020.10.20"]
[Round "5.14"]
[White "Hunt, Peter"]
[Black "Chopra, Manmay"]
[Result "1/2-1/2"]
[WhiteElo "2065"]
[BlackElo "1610"]
[PlyCount "69"]
[EventDate "2020.10.20"]
[WhiteTeam "MK Phoenix 1"]
[BlackTeam "Harrow 1"]

1. e4 e6 2. d4 d5 3. exd5 exd5 4. Bd3 Bd6 5. Nf3 Ne7 6. O-O O-O 7. Bg5 h6 8.
Bh4 Bg4 9. Nbd2 g5 10. Bg3 Nbc6 11. c3 Bh5 12. Qc2 Bg6 13. Rae1 Bxd3 14. Qxd3
Ng6 15. b4 Qd7 16. b5 Nce7 17. Ne5 Bxe5 18. Bxe5 Nxe5 19. Rxe5 Ng6 20. Re3 Nf4
21. Qb1 Rfe8 22. Rfe1 Rxe3 23. Rxe3 Re8 24. a4 Rxe3 25. fxe3 Ne2+ 26. Kf2 Nxc3
27. Qc2 Ne4+ 28. Nxe4 Qf5+ 29. Ke2 Qxe4 30. Qxc7 Qxg2+ 31. Kd3 Qf1+ 32. Kd2
Qf2+ 33. Kd3 Qf5+ 34. Kd2 Qf2+ 35. Kd3 1/2-1/2

[Event "4NCL Online Division 2"]
[Site "online"]
[Date "2020.10.20"]
[Round "5.21"]
[White "Whyte, Brian G"]
[Black "Garcia, Jason"]
[Result "1/2-1/2"]
[WhiteElo "2048"]
[BlackElo "2028"]
[PlyCount "70"]
[EventDate "2020.10.20"]
[WhiteTeam "Malpas & Oswestry Friends"]
[BlackTeam "White Knights"]

1. e4 c5 2. g3 d5 3. d3 Nc6 4. Nd2 Nf6 5. Bg2 e5 6. Ngf3 Be7 7. O-O O-O 8. Re1
d4 9. Nc4 Qc7 10. a4 Bg4 11. h3 Bh5 12. Bg5 Ne8 13. Bxe7 Qxe7 14. Qd2 Bxf3 15.
Bxf3 Nd6 16. Nxd6 Qxd6 17. Bg4 g6 18. h4 h5 19. Bh3 Kg7 20. Re2 b6 21. Rf1 Qe7
22. Qg5 Qxg5 23. hxg5 Rad8 24. f4 Nb4 25. b3 Rde8 26. Ref2 a6 27. f5 Ra8 28. g4
h4 29. Bg2 b5 30. Bf3 bxa4 31. bxa4 Rh8 32. Bd1 Raf8 33. Kh2 Na2 34. c3 Nxc3
35. Bb3 Rb8 1/2-1/2

[Event "4NCL Online Division 2"]
[Site "online"]
[Date "2020.10.20"]
[Round "5.22"]
[White "Young, Alan"]
[Black "Altinsoy, Mehmet Nuri"]
[Result "1-0"]
[WhiteElo "2092"]
[BlackElo "2018"]
[PlyCount "73"]
[EventDate "2020.10.20"]
[WhiteTeam "White Knights"]
[BlackTeam "Malpas & Oswestry Friends"]

1. e4 e6 2. d4 d5 3. Nc3 Nf6 4. Bg5 Bb4 5. e5 h6 6. Be3 Ne4 7. Qg4 g6 8. a3
Bxc3+ 9. bxc3 Nxc3 10. Bd3 Nc6 11. h4 Qe7 12. Bd2 Ne4 13. Bxe4 dxe4 14. Qxe4
Bd7 15. Nf3 O-O-O 16. O-O Rdg8 17. c4 g5 18. Bb4 Qe8 19. d5 g4 20. Nd2 exd5 21.
cxd5 Nxe5 22. Bc3 f6 23. Rfe1 Qh5 24. Bxe5 fxe5 25. Rac1 Qxh4 26. Qxe5 Qd8 27.
Ne4 Kb8 28. d6 c6 29. Nc5 b6 30. Qb2 g3 31. fxg3 Bc8 32. d7 Bb7 33. Nxb7 Kxb7
34. Rcd1 Rh7 35. Qb3 Rgg7 36. Re8 Rxd7 37. Rxd8 1-0

[Event "4NCL Online Division 2"]
[Site "online"]
[Date "2020.10.20"]
[Round "5.23"]
[White "McMahon, Timothy P"]
[Black "May, Adam J"]
[Result "1/2-1/2"]
[WhiteElo "1997"]
[BlackElo "1950"]
[PlyCount "94"]
[EventDate "2020.10.20"]
[WhiteTeam "Malpas & Oswestry Friends"]
[BlackTeam "White Knights"]

1. d4 d5 2. c4 e6 3. Nc3 c6 4. e3 Nf6 5. Nf3 Nbd7 6. b3 Bd6 7. Be2 O-O 8. O-O
Qe7 9. Bb2 b6 10. Bd3 e5 11. dxe5 Nxe5 12. cxd5 Nxf3+ 13. gxf3 Bh3 14. Re1 Nxd5
15. f4 Bb4 16. Nxd5 cxd5 17. Qh5 g6 18. Qh6 f6 19. Qxh3 Bxe1 20. Rxe1 Rac8 21.
Qg2 Rfd8 22. h4 d4 23. e4 Qb4 24. Rd1 Kh8 25. Qg4 Rc6 26. Qe2 a5 27. Bb1 a4 28.
Qd2 Qe7 29. Qd3 Qe6 30. Qg3 axb3 31. axb3 Qe7 32. Bd3 Qb4 33. Bc4 Rxc4 34. bxc4
Qxb2 35. Qd3 Qb4 36. Kg2 Kg7 37. e5 fxe5 38. fxe5 Qc5 39. Qe4 Qxc4 40. Qb7+ Kh6
41. Qxb6 Qd5+ 42. Kg1 Re8 43. Qxd4 Qxe5 44. Qxe5 Rxe5 45. Rd4 Kh5 46. Kg2 h6
47. Kg3 g5 1/2-1/2

[Event "4NCL Online Division 2"]
[Site "online"]
[Date "2020.10.20"]
[Round "5.24"]
[White "Miga, Tomasz"]
[Black "Taylor, Robert K"]
[Result "1/2-1/2"]
[WhiteElo "1737"]
[BlackElo "1960"]
[PlyCount "61"]
[EventDate "2020.10.20"]
[WhiteTeam "White Knights"]
[BlackTeam "Malpas & Oswestry Friends"]

1. d4 d5 2. Nf3 Nf6 3. c4 dxc4 4. Nc3 c6 5. a4 Bf5 6. Ne5 e6 7. f3 Bb4 8. Nxc4
O-O 9. Bg5 Nbd7 10. e4 Bg6 11. e5 h6 12. Bh4 b5 13. axb5 cxb5 14. Ne3 Qc7 15.
exf6 Bxc3+ 16. bxc3 Qxc3+ 17. Kf2 Rfc8 18. Bxb5 Rab8 19. Bxd7 Rb2+ 20. Kg3 Qxe3
21. Bxc8 Qf2+ 22. Kf4 Qxh4+ 23. g4 gxf6 24. Qe1 e5+ 25. dxe5 fxe5+ 26. Qxe5 Qf2
27. Ra4 Qd2+ 28. Kg3 Qf2+ 29. Kf4 Qd2+ 30. Kg3 Qf2+ 31. Kf4 1/2-1/2

[Event "4NCL Online Division 2"]
[Site "online"]
[Date "2020.10.20"]
[Round "5.31"]
[White "Siddharth, Jagadeesh"]
[Black "Sajanani, Vikas"]
[Result "1-0"]
[WhiteElo "2447"]
[BlackElo "1652"]
[PlyCount "61"]
[EventDate "2020.10.20"]
[WhiteTeam "Brentwood A"]
[BlackTeam "Warwick University B"]

1. d4 e6 2. c4 c5 3. d5 Nf6 4. Nc3 exd5 5. cxd5 d6 6. Nf3 Be7 7. h3 a6 8. a4
Bf5 9. Nd2 h6 10. e4 Bg6 11. Bd3 Nbd7 12. Nc4 O-O 13. a5 Re8 14. O-O Bf8 15.
Re1 Qc7 16. Bf4 b5 17. axb6 Nxb6 18. Qf3 Nxc4 19. Bxc4 Qb6 20. b3 Nd7 21. Qd3
a5 22. Kh1 Ne5 23. Bxe5 Rxe5 24. f4 Re7 25. Qg3 Rae8 26. e5 dxe5 27. fxe5 Rd8
28. d6 Ree8 29. Qxg6 Qb7 30. Qg3 g6 31. Qxg6+ 1-0

[Event "4NCL Online Division 2"]
[Site "online"]
[Date "2020.10.20"]
[Round "5.32"]
[White "Ruiz Cifuentes, Daniel"]
[Black "Coote, Trevor D"]
[Result "1/2-1/2"]
[WhiteElo "1407"]
[BlackElo "2044"]
[PlyCount "135"]
[EventDate "2020.10.20"]
[WhiteTeam "Warwick University B"]
[BlackTeam "Brentwood A"]

1. d4 Nf6 2. c4 g6 3. Nc3 Bg7 4. Nf3 d6 5. e4 O-O 6. Be2 e5 7. d5 Nbd7 8. O-O
Nc5 9. Qc2 a5 10. Be3 Nfd7 11. Nd2 f5 12. f3 f4 13. Bf2 b6 14. b3 Bb7 15. a3
Nf6 16. b4 Ncd7 17. Rfc1 c5 18. dxc6 Bxc6 19. Nd5 Rc8 20. Qa2 Kh8 21. Rab1 g5
22. bxa5 bxa5 23. Nb6 Rb8 24. Nd5 Rxb1 25. Rxb1 h5 26. Qc2 Rg8 27. Kh1 g4 28.
Bh4 Qe8 29. Qc3 gxf3 30. Qxf3 Bxd5 31. cxd5 Qg6 32. Bxf6 Nxf6 33. Rb6 Bf8 34.
Bd3 Ng4 35. Nc4 Qg5 36. Rb2 Qh4 37. g3 fxg3 38. Qxg3 Qf6 39. Ne3 Nxe3 40. Qxe3
Bh6 41. Qe2 Qf4 42. Rb1 Qh4 43. Rg1 Rxg1+ 44. Kxg1 Qg5+ 45. Kf1 Qc1+ 46. Kg2
Qg5+ 47. Kf1 Qc1+ 48. Kf2 Kg7 49. a4 Qf4+ 50. Kg2 Qg5+ 51. Kh3 Kg6 52. Bb5 Qe3+
53. Qxe3 Bxe3 54. Be8+ Kg5 55. Kg3 Bf4+ 56. Kg2 h4 57. h3 Bd2 58. Kf3 Bb4 59.
Bd7 Bc5 60. Bf5 Bb4 61. Ke3 Bc5+ 62. Kd3 Bb4 63. Kc4 Kf4 64. Kb5 Ke3 65. Kc6
Kf4 66. Kd7 Kg5 67. Ke6 Bc5 68. Kd7 1/2-1/2